000 00585nam a2200193Ia 4500
005 20250508154127.0
008 008 250505s9999 xx 000 0 eng d
037 _aTheses
040 _aFEDL
_beng
_cFEDL
041 _aeng
_2eng
084 _a370, RAO/TH
_qFEDL
100 _aRao T Sadananda
_9765101
245 0 _aStudy of adjustment difficulties and their relation to second language attainments of bilingual children
260 _c1966
300 _a205p.
546 _aPH.D Thesis (Madras University)
942 _cTH
_h370, RAO/TH
999 _c1347851
_d1347851